|
|
|
|
| LEADER |
01463nam a2200301 u 4500 |
| 001 |
10095725 |
| 003 |
upatras |
| 005 |
20210510223244.0 |
| 008 |
111220s1999 gr gre |
| 020 |
|
|
|a 9600323380
|
| 040 |
|
|
|a GR-PaULI
|c GR-PaULI
|
| 041 |
0 |
|
|a gre
|
| 082 |
0 |
4 |
|a 320.092
|
| 100 |
1 |
|
|9 6265
|a Chomsky, Noam,
|d 1928-
|4 aut
|
| 245 |
1 |
0 |
|a Οι έχοντες και οι μη κατέχοντες, οι κοινωνικοί αγώνες σήμερα
|b συνεντεύξεις στον Ντέιβιντ Μπαρσαμιάν
|c Νόαμ Τσόμσκι; μετάφραση από τα αγγλικά Άγγελος Φιλιππάτος
|
| 260 |
|
|
|a Αθήνα
|b Εκδόσεις Καστανιώτη
|c 1999
|
| 300 |
|
|
|a 285 σ.
|c 24 εκ.
|
| 490 |
0 |
|
|a Αναστοχασμός
|
| 504 |
|
|
|a Περιλαμβάνει ευρετήριο
|
| 650 |
|
4 |
|a Παγκόσμια πολιτική
|9 23919
|
| 600 |
1 |
4 |
|9 6750
|a Chomsky, Noam,
|d 1928-
|x Πολιτικές και κοινωνικές απόψεις
|
| 600 |
1 |
4 |
|9 6751
|a Chomsky, Noam,
|d 1928-
|x Συνεντεύξεις
|
| 760 |
0 |
|
|a Αναστοχασμός
|
| 852 |
|
|
|a GR-PaULI
|b ΠΑΤΡΑ
|b ΒΚΠ
|b ΑΝΤ
|k ΟΧΙΔ
|h 320.092 CHO
|m 048520
|p 025000065187
|t 1
|
| 942 |
|
|
|2 ddc
|c BKN
|
| 952 |
|
|
|0 0
|1 0
|4 0
|6 320_092000000000000_CHO
|7 0
|9 106204
|a LISP
|b LISP
|c DON
|d 2016-04-24
|i 048520
|l 0
|o 320.092 CHO
|p 025000065187
|r 2016-04-24 00:00:00
|t 1
|w 2016-04-24
|y BKN
|
| 998 |
|
|
|c ΒΑΣΙΛΕΙΟΥ
|d 2011-12
|
| 999 |
|
|
|c 71398
|d 71398
|